| 000 | 00886na a2200265 4500 | ||
|---|---|---|---|
| 001 | 22309 | ||
| 003 | MIRAKIL | ||
| 005 | 20181213155134.0 | ||
| 008 | 170213b tu 000 0 | ||
| 020 | _a9789759051372 | ||
| 040 |
_aMilas _btur _cTR-AnCHP |
||
| 041 | _atur | ||
| 082 |
_a923.2 Koç,M.Ş. _bÜ57i 2007 |
||
| 090 | _a923.2 Koç,M.Ş. Ü57i 2007 | ||
| 100 | _aÜnsal, Süha | ||
| 245 |
_aİkazcı Mehmet Şükrü _bMilli Mücadele'den Cumhuriyet'e _cSüha Ünsal |
||
| 246 | _aMilli Mücadele'den Cumhuriyet'e | ||
| 260 |
_aAnkara _bDipnot Yayınları _c2007 |
||
| 300 |
_a423 s. _bfotğ.; res. _c21 sm. |
||
| 504 | _aKaynakça ve dizin var. | ||
| 600 |
_aKoç, Mehmet Şükrü _d1887-1938 _xYaşamöyküsü _ySiyasal ve sosyal görüşler |
||
| 650 |
_aKurtuluş Savaşı, 1918-1923 _xTarih _yİstihbarat |
||
| 650 |
_aMilli Mücadele Dönemi _xTarih |
||
| 942 |
_2dcc _cBKS |
||
| 999 |
_c7295 _d7295 |
||